Naturopathy a cure to cancer / (Record no. 134716)

MARC details
000 -LEADER
fixed length control field 00694nam a22002297a 4500
005 - DATE AND TIME OF LATEST TRANSACTION
control field 20170124110232.0
010 ## - LIBRARY OF CONGRESS CONTROL NUMBER
LC control number A-897987
020 ## - INTERNATIONAL STANDARD BOOK NUMBER
Terms of availability 625.00
International Standard Book Number 8186880305
035 ## - SYSTEM CONTROL NUMBER
System control number A-897987
037 ## - SOURCE OF ACQUISITION
Source of stock number/acquisition Cen Lib/Ret
040 ## - CATALOGING SOURCE
Original cataloging agency DPL
Language of cataloging EN
082 ## - DEWEY DECIMAL CLASSIFICATION NUMBER
Classification number 615.535
Item number DUB
100 ## - MAIN ENTRY--PERSONAL NAME
Personal name Dubey, Sadhna
9 (RLIN) 41562
245 ## - TITLE STATEMENT
Title Naturopathy a cure to cancer /
Statement of responsibility, etc by Sadhna Dubey
260 ## - PUBLICATION, DISTRIBUTION, ETC. (IMPRINT)
Place of publication, distribution, etc New Delhi
Name of publisher, distributor, etc Aravali books international
Date of publication, distribution, etc 1997
270 ## - ADDRESS
City New Delhi
Address W-30, Okhla Industraial area, Phase ll
Postal code 110020
300 ## - PHYSICAL DESCRIPTION
Extent 197p.:
Dimensions 26cm(Hb)
Other physical details ill.
500 ## - GENERAL NOTE
General note Includes index
650 ## - SUBJECT ADDED ENTRY--TOPICAL TERM
Topical term or geographic name as entry element Cancer disease
9 (RLIN) 41563
650 ## - SUBJECT ADDED ENTRY--TOPICAL TERM
Topical term or geographic name as entry element Naturopathy
9 (RLIN) 41564
942 ## - ADDED ENTRY ELEMENTS (KOHA)
Source of classification or shelving scheme Dewey Decimal Classification
Koha item type English Books
Classification part 615.535
Call number suffix DUB
Holdings
Withdrawn status Lost status Damaged status Not for loan Home library Current library Date acquired Source of acquisition Cost, normal purchase price Total Checkouts Full call number Barcode Date last seen Copy number Cost, replacement price Price effective from Koha item type
        Central Library Central Library 31/07/2015 Cen Lib/Ret 625.00   615.535 DUB A-897987 31/07/2015 1 625.00 31/07/2015 English Books

© Delhi Public Library
Hit Counter
free hit counter